Państwa Świata, Ale masz 60 Minut - Statystyki

Ogólne statystyki
  • Ten quiz został rozwiązany 9 273 razy
  • Średni wynik to 131 z 196
Odpowiedzi na mapie
Odpowiedzi zakodowano w zielono-czerwonej skali na mapie do tego quizu, zgodnie z poniższymi procentami.
 
Statystyki odpowiedzi
Kraj % Poprawnych
Polska
93%
Stany Zjednoczone
93%
Rosja
92%
Francja
91%
Kanada
91%
Niemcy
91%
Ukraina
91%
Białoruś
90%
Czechy
90%
Hiszpania
90%
Portugalia
90%
Włochy
90%
Chiny
89%
Dania
89%
Litwa
89%
Łotwa
89%
Meksyk
89%
Norwegia
89%
Słowacja
89%
Szwecja
89%
Wielka Brytania
89%
Austria
88%
Brazylia
88%
Estonia
88%
Finlandia
88%
Argentyna
87%
Australia
87%
Belgia
87%
Grecja
87%
Holandia
87%
Irlandia
87%
Islandia
87%
Turcja
87%
Chorwacja
86%
Japonia
86%
Rumunia
86%
Szwajcaria
86%
Albania
85%
Słowenia
85%
Węgry
85%
Chile
84%
Egipt
84%
Indie
84%
Korea Północna
84%
Korea Południowa
84%
Bośnia i Hercegowina
83%
Bułgaria
83%
Kazachstan
83%
Serbia
82%
Arabia Saudyjska
81%
Czarnogóra
81%
Irak
81%
Iran
81%
Kuba
81%
Luksemburg
81%
Mołdawia
81%
Macedonia Północna
80%
Madagaskar
80%
Maroko
80%
Mongolia
80%
Republika Południowej Afryki
80%
Watykan
80%
Andora
79%
Kosowo
79%
Malta
79%
Peru
79%
Cypr
78%
Indonezja
78%
Kolumbia
77%
Niger
77%
Nowa Zelandia
77%
Izrael
76%
Liechtenstein
76%
Urugwaj
76%
Wenezuela
76%
Boliwia
75%
Demokratyczna Republika Konga
75%
Monako
75%
Nigeria
75%
Oman
75%
San Marino
75%
Algieria
74%
Gruzja
74%
Dominika
73%
Filipiny
73%
Afganistan
72%
Kongo
72%
Pakistan
72%
Tajlandia
72%
Tunezja
72%
Zjednoczone Emiraty Arabskie
72%
Armenia
71%
Wietnam
71%
Ekwador
70%
Libia
70%
Paragwaj
70%
Uzbekistan
70%
Dominikana
69%
Jemen
69%
Katar
69%
Panama
69%
Czad
68%
Sudan
68%
Azerbejdżan
67%
Sri Lanka
67%
Nepal
66%
Turkmenistan
66%
Etiopia
65%
Jamajka
65%
Malezja
65%
Papua-Nowa Gwinea
65%
Syria
65%
Tajwan
65%
Kenia
64%
Kostaryka
64%
Tadżykistan
64%
Angola
63%
Bangladesz
63%
Gwinea
63%
Jordania
63%
Kirgistan
63%
Somalia
63%
Haiti
62%
Laos
61%
Liban
61%
Gujana
60%
Kambodża
60%
Zambia
60%
Mali
59%
Sudan Południowy
59%
Wybrzeże Kości Słoniowej
59%
Zimbabwe
58%
Honduras
57%
Bhutan
56%
Malediwy
56%
Republika Zielonego Przylądka
56%
Senegal
56%
Bahamy
54%
Fidżi
54%
Ghana
54%
Gwatemala
54%
Kuwejt
54%
Surinam
54%
Salwador
53%
Tanzania
53%
Mjanma
52%
Gwinea Równikowa
51%
Mozambik
51%
Republika Środkowoafrykańska
51%
Uganda
51%
Erytrea
50%
Nikaragua
50%
Seszele
50%
Singapur
50%
Togo
50%
Wyspy Świętego Tomasza i Książeca
50%
Belize
49%
Mauretania
49%
Botswana
48%
Kamerun
48%
Mikronezja
48%
Wyspy Marshalla
48%
Lesotho
47%
Gabon
45%
Liberia
45%
Namibia
45%
Rwanda
45%
Wyspy Salomona
45%
Barbados
44%
Gambia
44%
Bahrajn
43%
Gwinea Bissau
43%
Burkina Faso
42%
Timor Wschodni
42%
Benin
41%
Dżibuti
41%
Eswatini
40%
Kiribati
40%
Mauritius
39%
Saint Lucia
39%
Trynidad i Tobago
39%
Antigua i Barbuda
38%
Burundi
38%
Brunei
37%
Komory
37%
Malawi
37%
Palau
37%
Sierra Leone
36%
Tuvalu
36%
Nauru
35%
Vanuatu
35%
Saint Kitts i Nevis
34%
Saint Vincent i Grenadyny
34%
Samoa
34%
Tonga
33%
Grenada
32%
Nie znaleziono quizów pasujących do podanych kryteriów
Rozkład punktacji
Procent ludzi z każdym wynikiem
Percentyl według liczby udzielonych odpowiedzi
Twoja historia wyników
Nie rozwiązałeś tego quizu